|
|
|
|
| LEADER |
01234nam a22002891 4500 |
| 001 |
c000205150 |
| 003 |
CARM |
| 005 |
20021125002000.0 |
| 008 |
851113s1888 gw 00010 ger d |
| 019 |
1 |
|
|a 4153417
|5 LACONCORD2021
|
| 035 |
|
|
|a (OCoLC)219603992
|5 LACONCORD2021
|
| 040 |
|
|
|d NUn
|
| 100 |
1 |
|
|a Heine, Heinrich,
|d 1797-1856.
|
| 240 |
1 |
0 |
|a Works
|
| 245 |
1 |
0 |
|a Heinrich Heines samtliche Werke.
|
| 260 |
|
|
|a Berlin :
|b Bibliographische Anstalt,
|c 1888.
|
| 300 |
|
|
|a 12v. in 4.
|
| 852 |
8 |
|
|b CARM
|h A2:AN30A0
|i A03370
|p 0301210
|f BK
|
| 852 |
8 |
|
|b CARM
|h A2:AN02B0
|i A03339
|p 0298817
|f BK
|
| 852 |
8 |
|
|b CARM
|h A2:AN30A0
|i A03370
|p 0301209
|f BK
|
| 852 |
8 |
|
|b CARM
|h A2:AL06A0
|i A03445
|p 0306906
|f BK
|
| 082 |
0 |
4 |
|a 831.7
|
| 999 |
f |
f |
|i 5eb6bc76-e1bd-561c-8e3a-eb22e2295943
|s 39e0694c-e9bf-51de-9257-edb12ada09d4
|
| 952 |
f |
f |
|p Can circulate
|a CAVAL
|b CAVAL
|c CAVAL
|d CARM 1 Store
|e A03339
|f A2:AN02B0
|h Other scheme
|i book
|m 0298817
|
| 952 |
f |
f |
|p Can circulate
|a CAVAL
|b CAVAL
|c CAVAL
|d CARM 1 Store
|e A03370
|f A2:AN30A0
|h Other scheme
|i book
|m 0301209
|
| 952 |
f |
f |
|p Can circulate
|a CAVAL
|b CAVAL
|c CAVAL
|d CARM 1 Store
|e A03445
|f A2:AL06A0
|h Other scheme
|i book
|m 0306906
|
| 952 |
f |
f |
|p Can circulate
|a CAVAL
|b CAVAL
|c CAVAL
|d CARM 1 Store
|e A03370
|f A2:AN30A0
|h Other scheme
|i book
|m 0301210
|